19.dny svařovací techniky : Konf. Vamberk ŽAZ. 21.-24.5.1990
Enregistré dans:
| Format: | Livre |
|---|---|
| Langue: | tchèque |
| Publié: |
Pardubice :
Dom techniky ČSVTS,
1990
|
| Sujets: | |
| Tags: |
Pas de tags, Soyez le premier à ajouter un tag!
|
MARC
| LEADER | 00000nam a22000003a 4500 | ||
|---|---|---|---|
| 001 | stu35567 | ||
| 005 | 20150408180918.7 | ||
| 008 | 920428s1990----cs------------------cze-d | ||
| 040 | |a STU |b slo | ||
| 041 | 0 | |a cze | |
| 044 | |a cs | ||
| 080 | |a 621.791(082) | ||
| 245 | |a 19.dny svařovací techniky : |b Konf. Vamberk ŽAZ. 21.-24.5.1990 | ||
| 260 | |a Pardubice : |b Dom techniky ČSVTS, |c 1990 | ||
| 300 | |a 223 s | ||
| 650 | 7 | |a zváranie |2 stusub | |
| 650 | 7 | |a zborníky |2 stusub | |
| 996 | |b MZ 403 |c M*Z-403 |l MMKN |s A |a 24 |w stu35567_0001 | ||